000 00674nam a2200277Ia 4500
005 20260324120201.0
008 008 260324s9999 xx 000 0 eng d
020 _a9780429170690
037 _aEBOOK
040 _aCRL
040 _beng
040 _cCRL
041 _2eng
041 _aeng
084 _qCRL
100 _aLeon Smiers; Joop Koster; Prasen Palvankar; Manas Deb
_91157566
245 0 _aOracle Case Management Solutions
260 _bTaylor and Francis
260 _c2015
365 _a
365 _b260
856 _uhttp://www.taylorfrancis.com/books/9780429170690
942 _cEBOOK
999 _c1748948
_d1748948